000
00323nam a22001217a 4500
999
_c
9757
_d
9757
003
OSt
008
201203b ||||| |||| 00| 0 eng d
245
_a
Asian Journal of Management (AJM)
250
_a
2018(Jan-Mar Vol.9 No.1)
260
_a
Raipur, Chhattisgarh
_b
A and V Publications
650
_a
Management
942
_2
ddc
_c
BV